[Event "Cto de Aragon por Equipos - Preferente Grupo II"]
[Site ""]
[Date "2022.03.26"]
[Round "9.59"]
[White "Alvaro Rada, Gonzalo"]
[Black "Gracia Noguero, Javier"]
[Result "0-1"]
[WhiteElo "1272"]
[BlackElo "1370"]
[PlyCount "0"]
[WhiteTeam "Shatranj"]
[BlackTeam "Enroque de Barbastro"]
[EventDate "2022.01.29"]

1. c3 c5 2. Nf3 Nc6 3. e4 d6 4. Bb5 Bd7 5. O-O g6 6. Re1 Bg7 7. d3 Ne5 8. Bxd7+
Qxd7 9. Nxe5 dxe5 10. a4 Rd8 11. d4 exd4 12. c4 Qc7 13. Qb3 Rd6 14. e5 Rb6 15.
Qg3 Re6 16. f4 f6 17. Na3 fxe5 18. f5 Rf6 19. Rxe5 Rxf5 20. Rxf5 Qxg3 21. hxg3
gxf5 22. Nb5 a6 23. Nc7+ Kd7 24. Nd5 Nf6 25. Nb6+ Kc7 26. a5 e6 27. Bf4+ Kc6
28. Re1 Ne4 29. g4 Re8 30. gxf5 exf5 31. Kf1 Be5 32. Bxe5 Rxe5 33. Nd5 Nd2+ 34.
Kf2 Rxe1 35. Kxe1 Nxc4 36. Ne7+ Kb5 37. Nxf5 Nxb2 38. Nd6+ Kxa5 39. Nxb7+ Kb4
40. Kd2 a5 41. Kc2 Nc4 42. Nd8 Ne3+ 43. Kd3 Nxg2 44. Nc6+ Kb5 45. Na7+ Ka6 46.
Nc6 h5 47. Kc4 Kb6 48. Ne7 a4 49. Nc8+ Ka5 50. Na7 a3 51. Nc6+ Kb6 52. Ne5 a2
53. Kd5 Kb5 0-1

[Event "Cto de Aragon por Equipos - Preferente Grupo II"]
[Site ""]
[Date "2022.03.26"]
[Round "9.60"]
[White "Iglesias Fernandez, Luis"]
[Black "Jario Garcia, Ricardo"]
[Result "1-0"]
[WhiteElo "1856"]
[BlackElo "2010"]
[PlyCount "0"]
[WhiteTeam "Palacio De Pioneros C"]
[BlackTeam "Marcos Frechin B"]
[EventDate "2022.01.29"]

1. d4 d5 2. Nf3 e6 3. e3 Nf6 4. Bd3 Bd6 5. O-O O-O 6. Nbd2 c5 7. b3 Nbd7 8. Bb2
Qc7 9. c4 e5 10. dxe5 Nxe5 11. Nxe5 Bxe5 12. Bxe5 Qxe5 13. Nf3 Qe7 14. cxd5
Nxd5 15. Bxh7+ Kxh7 16. Qxd5 Bg4 17. Qe4+ Qxe4 18. Ng5+ Kg6 19. Nxe4 b6 20. f3
Be6 21. Nd6 Kf6 22. Rfd1 a5 23. Nb5 Rfc8 24. Rd6 Rab8 25. Rad1 Ke7 26. Na7 Rc7
27. Nc6+ Rxc6 28. Rxc6 Rb7 29. Rdd6 b5 30. Rb6 Rc7 31. Rdc6 Rd7 32. Rxc5 Rd1+
33. Kf2 Rd2+ 34. Kg3 Rxa2 35. Rc7+ Kf6 36. Rxb5 a4 37. bxa4 Rxa4 38. e4 Ra2 39.
Rbc5 g6 40. h4 Rb2 41. Rc2 Rb4 42. Kf4 Ra4 43. g4 Ra1 44. R2c6 1-0

[Event "Cto de Aragon por Equipos - Preferente Grupo II"]
[Site ""]
[Date "2022.03.26"]
[Round "9.61"]
[White "Lopez Lozano, David"]
[Black "Caballero Ortin, Jorge"]
[Result "1/2-1/2"]
[WhiteElo "1745"]
[BlackElo "1740"]
[PlyCount "0"]
[WhiteTeam "Marcos Frechin B"]
[BlackTeam "Palacio De Pioneros C"]
[EventDate "2022.01.29"]

1. c4 e6 2. g3 d5 3. cxd5 exd5 4. Bg2 Nf6 5. Nf3 c6 6. O-O Be7 7. d4 O-O 8. Nc3
Nbd7 9. Re1 Re8 10. Qc2 Nf8 11. h3 Ne4 12. Ne5 f6 13. Nf3 Ng6 14. Nd2 f5 15.
Na4 Qd6 16. Nxe4 fxe4 17. Qb3 Kh8 18. Be3 h5 19. Rac1 h4 20. g4 Nf4 21. Bf1 Rf8
22. Nc5 Qg6 23. Bxf4 Rxf4 24. Bg2 b6 25. Na4 Bd7 26. f3 Raf8 27. Rf1 exf3 28.
Rxf3 Rxd4 29. Rxf8+ Bxf8 30. Qf3 Bd6 31. Nc3 Qg5 32. e3 Rd2 33. Re1 Qe5 34. Re2
Rxe2 35. Qxe2 d4 36. exd4 Qxd4+ 37. Kh1 Bc5 38. Qe1 Kg8 39. Ne4 Qxb2 40. Nxc5
bxc5 41. Qe7 Qc1+ 42. Kh2 Qf4+ 43. Kh1 Qc1+ 1/2-1/2

[Event "Cto de Aragon por Equipos - Preferente Grupo II"]
[Site ""]
[Date "2022.03.26"]
[Round "9.62"]
[White "Cacho Almorin, Javier"]
[Black "Sanz Parron, Laura"]
[Result "1-0"]
[WhiteElo "1648"]
[BlackElo "1717"]
[PlyCount "0"]
[WhiteTeam "Palacio De Pioneros C"]
[BlackTeam "Marcos Frechin B"]
[EventDate "2022.01.29"]

1. e4 c5 2. Nf3 g6 3. d4 cxd4 4. Qxd4 Nf6 5. e5 Nc6 6. Qe3 Nd5 7. Qe4 Nb6 8.
Bd3 d5 9. exd6 Bf5 10. dxe7 Bxe7 11. Qe2 Bxd3 12. cxd3 O-O 13. O-O Nb4 14. a3
N4d5 15. Bh6 Re8 16. Qd2 Bf6 17. Nc3 Rc8 18. Rac1 Nxc3 19. bxc3 Na4 20. d4 Qa5
21. Qf4 Qa6 22. Rfe1 Nb2 23. Rxe8+ Rxe8 24. Re1 Rc8 25. Qc7 Qc6 26. Qxc6 bxc6
27. Rb1 Nc4 28. a4 Na5 29. Nd2 Rd8 30. Kf1 Be7 31. Bf4 Rd7 32. Rb8+ Kg7 33. g3
g5 34. Be3 h6 35. h4 gxh4 36. gxh4 Bxh4 37. Nf3 Bf6 38. Ne5 Bxe5 39. dxe5 Nc4
40. Bd4 Re7 41. f4 Kg6 42. Kf2 Kf5 43. Be3 Na5 44. Rh8 Kg6 45. Kf3 Rb7 46. Ke4
Kg7 47. Rc8 Rb3 48. Bd4 Kg6 49. f5+ Kg5 50. Rg8+ Kh4 51. Rg7 Nc4 52. Rxf7 Rb1
53. Kd3 Na5 54. e6 1-0

[Event "Cto de Aragon por Equipos - Preferente Grupo II"]
[Site ""]
[Date "2022.03.26"]
[Round "9.63"]
[White "Perez Tomas, Juan Manuel"]
[Black "Bruna Barranco, Ignacio"]
[Result "1/2-1/2"]
[WhiteElo "1638"]
[BlackElo "1604"]
[PlyCount "0"]
[WhiteTeam "Marcos Frechin B"]
[BlackTeam "Palacio De Pioneros C"]
[EventDate "2022.01.29"]

1. e4 c6 2. Nc3 d5 3. Nf3 Nf6 4. exd5 cxd5 5. d4 Bg4 6. Be2 e6 7. O-O Nc6 8.
Bf4 Be7 9. h3 Bxf3 10. gxf3 Qb6 11. Nb5 Rc8 12. Qd2 a6 13. Nd6+ Bxd6 14. Bxd6
Nxd4 15. Be5 Rxc2 16. Qxd4 Qxd4 17. Bxd4 Rxe2 18. Rac1 Kd7 19. Rfd1 Nh5 20. Kf1
Nf4 21. Bxg7 Rg8 22. Bh6 Rg2 23. Rc7+ Kd8 24. Bxf4 Rexf2+ 25. Ke1 Re2+ 26. Kf1
Ref2+ 1/2-1/2

[Event "Cto de Aragon por Equipos - Preferente Grupo II"]
[Site ""]
[Date "2022.03.26"]
[Round "9.64"]
[White "Veras Sanz, Marino"]
[Black "Accattato Martin, Mario"]
[Result "0-1"]
[WhiteElo "2062"]
[BlackElo "2256"]
[PlyCount "0"]
[WhiteTeam "El Olivar B"]
[BlackTeam "Monzon"]
[EventDate "2022.01.29"]


1. Nf3 d5 2. g3 Nf6 3. Bg2 g6 4. O-O Bg7 5. d4 O-O 6. c4 c6 7. cxd5 cxd5 
8. Ne5 Ne4
9. Nc3 Nxc3 10. bxc3 f6 11. Nf3 Nc6 12. Qa4 Na5 13. Nd2 Bd7 
14. Qb4 Bc6 15. Ba3
Rc8 16. e4 e6 17. exd5 Bxd5 18. Bxd5 Qxd5 19. Nb3 Nc4 
20. Nc5 Nd2 21. c4 Nxc4 22.
Rfe1 Rfe8 23. Rac1 Nxa3 24. Qxa3 Bf8 25. Qxa7 Qxd4 
26. Qxb7 Bxc5 27. Red1 Qxf2+
28. Kh1 Bf8 29. Rxc8 Rxc8 30. Qd7 Qf3+  0-1

[Event "Cto de Aragon por Equipos - Preferente Grupo II"]
[Site ""]
[Date "2022.03.26"]
[Round "9.65"]
[White "Arrieta Restrepo, Steven"]
[Black "Gracia Campo, Carlos Alberto"]
[Result "1/2-1/2"]
[WhiteElo "2031"]
[BlackElo "2019"]
[PlyCount "0"]
[WhiteTeam "Monzon"]
[BlackTeam "El Olivar B"]
[EventDate "2022.01.29"]


1. e4 d6 2. d4 Nf6 3. Nc3 g6 4. f4 Bg7 5. Nf3 O-O 6. e5 dxe5 7. fxe5 Nd5

8. Bc4 Nb6 9. Bb3 Nc6 10. a4 Bg4 11. Be3 Na5 12. O-O Nxb3 13. cxb3 Nd5 14. Bf2 Bh6

15. Re1 c6 16. h3 Be6 17. Ne4 Nf4 18. Nc5 b6 19. Nxe6 Nxe6 20. Be3 Bxe3+ 21. Rxe3

Qd5 22. b4 Rfd8 23. a5 c5 24. axb6 axb6 25. Rxa8 Rxa8 26. bxc5 bxc5 27. Rd3 cxd4

28. Qd2 Rb8 29. Kh1 Qa2 30. b3 Qb1+ 31. Kh2 Rxb3 32. Rxb3 Qxb3 33. Nxd4 Qd5 
34.
Nf3 Qxd2 35. Nxd2 h5 36. Kg3 Kg7 37. Nc4 Nc5 38. Kf4 Kf8 39. g4 hxg4 
40. hxg4 Ne6+ 
41. Ke4 Ke8 42. Kd5 Kd7 43. Nb6+ Kc7 44. Nc4 Nf4+ 45. Ke4 Nh3 46. Kd5 Nf2 47. Ne3

Kb6 48. e6 f6 49. Nc4+ Kc7 50. g5 fxg5 51. Ne5 g4 52. Nxg6 g3 53. Nf4 Nd3 54. Ne2

g2 55. Ke4 Ne1 56. Ke3 Kd6 57. Kf2 Nd3+ 58. Kxg2 Kxe6 59. Kf3 Ke5 60. Ke3 Nb4 61.
Nd4 Kd5 
62. Nf5 e5 63. Ne7+ Ke6 64. Ng6 Nd5+ 65. Kf3 1/2-1/2

[Event "Cto de Aragon por Equipos - Preferente Grupo II"]
[Site ""]
[Date "2022.03.26"]
[Round "9.66"]
[White "Galve Guinea, Alejandro"]
[Black "Barranco Mananet, Fernando"]
[Result "1/2-1/2"]
[WhiteElo "1984"]
[BlackElo "1981"]
[PlyCount "0"]
[WhiteTeam "El Olivar B"]
[BlackTeam "Monzon"]
[EventDate "2022.01.29"]

1. Nf3 d5 2. d4 Bf5 3. c4 e6 4. Nc3 Bb4 5. Qb3 Nc6 6. Bf4 dxc4 7. Qxc4 Nf6 
8. e3
 O-O 9. Be2 Nd5 10. Rc1 a6 11. Qb3 Nxf4 12. exf4 Bd6 13. g3 Rb8 14. O-O Bg4 
15. Rfd1 
Qf6 16. Ne4 Qg6 17. Nxd6 cxd6 18. Nh4 Qh5 19. Bxg4 Qxg4 20. d5 Nd8 
21. Qf3 Qh3 22.
Qg2 Qg4 23. Qf3  1/2-1/2

[Event "Cto de Aragon por Equipos - Preferente Grupo II"]
[Site ""]
[Date "2022.03.26"]
[Round "9.67"]
[White "Hidalgo Gracia, Andres"]
[Black "Bailo Remacha, Santiago"]
[Result "1-0"]
[WhiteElo "1817"]
[BlackElo "1940"]
[PlyCount "0"]
[WhiteTeam "Monzon"]
[BlackTeam "El Olivar B"]
[EventDate "2022.01.29"]

1. c4 c5 2. Nc3 Nf6 3. g3 Nc6 4. Bg2 g6 5. Nf3 Bg7 6. O-O O-O 7. d4 cxd4 8. Nxd4

Nxd4 9. Qxd4 d6 10. b3 Bf5 11. Bb2 Qd7 12. Nd5 Rfe8 13. Rfd1 Bh3 14. Bxh3 Qxh3 
15.
Nc7 Rec8 16. Nxa8 Ne8 17. Qxa7 Bxb2 18. Rab1 Bf6 19. Qxb7 Rc5 20. Nb6 Re5 21. e3

Kg7 22. Qd7 e6 23. Rd2 Rh5 24. f4 Bc3 25. Re2 Qf5 26. Rc1 Qd3 27. Rcc2 Nf6 28. Qc6

Ne4 29. Kg2 Bd2 30. Kf3  1-0

[Event "Cto de Aragon por Equipos - Preferente Grupo II"]
[Site ""]
[Date "2022.03.26"]
[Round "9.68"]
[White "Carrasquer Alonso, Luis"]
[Black "Ferreruela Romero, Jose Joaquin"]
[Result "0-1"]
[WhiteElo "1822"]
[BlackElo "2007"]
[PlyCount "0"]
[WhiteTeam "Jaque - Pirenauto B"]
[BlackTeam "San Jose"]
[EventDate "2022.01.29"]


1. e4 c6 2. Nf3 d5 3. e5 Bg4 4. d4 a6 5. c4 dxc4 6. Bxc4 Bxf3 7. Qxf3 e6 8. Qg4
h5 9. Qd1 Ne7 10. Nc3 Nf5 11. Be3 Nd7 12. Bd3 g6 13. O-O Be7 14. Qd2 Nb6 15.
Be2 Nd5 16. Bc4 Rc8 17. a3 Rc7 18. Ne4 Rd7 19. Rad1 Nc7 20. Qc3 Nb5 21. Bxb5
axb5 22. Rd2 O-O 23. Rfd1 Qc7 24. Bg5 Bxg5 25. Nxg5 Kg7 26. Rd3 Ra8 27. Rh3
Qxe5 28. Nf3 Qf6 29. Rd3 Rad8 30. Qd2 c5 31. Ne5 Rxd4 32. g4 Qxe5 33. gxf5 Qxf5
34. Qc3 Kg8 35. Rdf3 Rg4+ 36. Rhg3 Rd1+ 37. Kg2 Qd5 38. Qf6 e5 39. h3 Rxg3+ 40.
Kxg3 Rd3 41. Re3 c4 42. Kh4 Rxe3 43. fxe3 Qe4+ 44. Kg5 Qxe3+ 45. Kh4 Qf4+ 46.
Qxf4 exf4 47. Kg5 f3 0-1

[Event "Cto de Aragon por Equipos - Preferente Grupo II"]
[Site ""]
[Date "2022.03.26"]
[Round "9.69"]
[White "Palomar Ramon, Santiago"]
[Black "Montoro Mavilla, Sergio"]
[Result "1-0"]
[WhiteElo "1900"]
[BlackElo "1784"]
[PlyCount "0"]
[WhiteTeam "San Jose"]
[BlackTeam "Jaque - Pirenauto B"]
[EventDate "2022.01.29"]

1. e4 e6 2. d4 d5 3. Nc3 Nf6 4. e5 Nfd7 5. Nce2 c5 6. c3 Nc6 7. Nf3 Be7 8. Nf4
b6 9. Bd3 Nf8 10. O-O c4 11. Bc2 Ba6 12. Re1 h5 13. Nh3 Qd7 14. b3 Rc8 15. Nd2
Na5 16. b4 Nc6 17. Nf3 Bd8 18. Rb1 b5 19. a4 Ne7 20. Ra1 Qb7 21. Bg5 Nh7 22.
Bxe7 Bxe7 23. Qb1 Nf8 24. Nfg5 Bd8 25. Re3 Rc7 26. Rf3 Rh6 27. Qc1 Ng6 28. Qd1
Rd7 29. Rg3 Nh4 30. Qd2 Bxg5 31. Nxg5 Rh8 32. Qf4 Nf5 33. Bxf5 exf5 34. Qxf5
Qc6 35. axb5 Bxb5 36. e6 fxe6 37. Nxe6 Rf7 38. Nxg7+ Kf8 39. Ne6+ Ke8 40. Qe5
Rh6 41. Rg8+ 1-0

[Event "Cto de Aragon por Equipos - Preferente Grupo II"]
[Site ""]
[Date "2022.03.26"]
[Round "9.70"]
[White "Vinuales Ferro, Antonio"]
[Black "Nunez Gonzalez, Victor Antonio"]
[Result "0-1"]
[WhiteElo "1601"]
[BlackElo "1786"]
[PlyCount "0"]
[WhiteTeam "Jaque - Pirenauto B"]
[BlackTeam "San Jose"]
[EventDate "2022.01.29"]

1. d4 d5 2. Nf3 Nf6 3. e3 Bf5 4. Bd3 Bg6 5. O-O e6 6. b3 c5 7. Bb2 Nbd7 8. Nbd2
Bd6 9. Ne5 cxd4 10. exd4 Bxd3 11. cxd3 O-O 12. f4 Qb6 13. Kh1 Rfe8 14. g4 Nf8
15. g5 N6d7 16. f5 Bxe5 17. dxe5 exf5 18. Rxf5 g6 19. Rf6 Nxf6 20. gxf6 Qf2 21.
Rb1 Rac8 22. Nf3 Rc2 23. Bd4 Qg2# 0-1

[Event "Cto de Aragon por Equipos - Preferente Grupo II"]
[Site ""]
[Date "2022.03.26"]
[Round "9.71"]
[White "Obon Zuniga, Francisco"]
[Black "Vizcarra Susin, Sergio"]
[Result "1-0"]
[WhiteElo "1785"]
[BlackElo "1353"]
[PlyCount "0"]
[WhiteTeam "San Jose"]
[BlackTeam "Jaque - Pirenauto B"]
[EventDate "2022.01.29"]

1. d4 d5 2. c4 c6 3. Nf3 Nf6 4. Nc3 g6 5. g3 Bg7 6. Bg2 O-O 7. O-O Re8 8. Qb3
b6 9. Rd1 Bb7 10. Bf4 e6 11. Rac1 Nh5 12. Bg5 f6 13. Bd2 f5 14. Bg5 Nf6 15. a4
Ba6 16. Ne5 Qd6 17. Bf4 Nh5 18. cxd5 exd5 19. Nxd5 Nxf4 20. Ne7+ 1-0

[Event "Campeonato de Aragon por Equipos - Division de Honor"]
[Site ""]
[Date "2022.04.02"]
[Round "10.1"]
[White "Ruperez Benito, Antonio"]
[Black "Llorente Zaro, Alfonso"]
[Result "0-1"]
[WhiteElo "2322"]
[BlackElo "2450"]
[PlyCount "0"]
[WhiteTeam "Palacio De Pioneros A"]
[BlackTeam "Jaime Casas"]
[EventDate "2022.01.29"]

1. e4 c5 2. Nf3 Nc6 3. Bb5 g6 4. O-O Bg7 5. c3 e5 6. d4 cxd4 7. cxd4 Nxd4 8.
Nxd4 exd4 9. Bf4 Ne7 10. Na3 a6 11. Qa4 O-O 12. Bd6 Re8 13. Bd3 Nc6 14. f4 Bf8
15. Bxf8 Rxf8 16. Nb5 d5 17. Kh1 dxe4 18. Bxe4 Bf5 19. Bxf5 axb5 20. Qxb5 gxf5
21. Qxf5 Ra5 22. Qd3 Qf6 23. Rf3 Kh8 24. Re1 Qf5 25. Qb3 Rb5 26. Qa3 Rg8 27.
Rg3 Rxg3 28. Qxg3 Qg6 29. Qa3 Kg7 30. h3 Ra5 31. Qb3 Rc5 32. Re2 d3 33. Rd2 Rc2
34. Qxd3 Qxd3 35. Rxd3 Rxb2 36. a3 Na5 37. Kh2 Rb3 38. Rd5 b6 39. a4 Rb4 40.
Kg3 Rxa4 41. Rb5 Nc4 42. h4 Ra3+ 43. Kg4 Ra5 44. Rb4 h5+ 45. Kf3 Rc5 46. g4
hxg4+ 47. Kxg4 b5 0-1

[Event "Campeonato de Aragon por Equipos - Division de Honor"]
[Site ""]
[Date "2022.04.02"]
[Round "10.2"]
[White "Ramiro Ovejero, Juan Luis"]
[Black "Romero Pallares, Daniel"]
[Result "1/2-1/2"]
[WhiteElo "2324"]
[BlackElo "2270"]
[PlyCount "0"]
[WhiteTeam "Jaime Casas"]
[BlackTeam "Palacio De Pioneros A"]
[EventDate "2022.01.29"]

1. d4 Nf6 2. Nf3 g6 3. Bg5 Bg7 4. Nbd2 O-O 5. c3 d6 6. e4 c5 7. dxc5 dxc5 8.
Be2 Nc6 9. O-O Qc7 10. Qc2 h6 11. Bh4 Nh5 12. Nc4 b6 13. Ne3 e6 14. Rad1 Bb7
15. Nc4 g5 16. Bg3 Nxg3 17. hxg3 Rad8 18. Nh2 b5 19. Ne3 c4 20. Bh5 Rxd1 21.
Nxd1 Ne5 22. f4 Nd3 23. e5 gxf4 24. gxf4 Nxf4 25. Rxf4 Qxe5 26. Bf3 Qxf4 27.
Bxb7 Rd8 28. Nf1 Bf8 29. Bf3 Bc5+ 30. Nf2 e5 31. Qe2 Rd3 32. Bh5 f5 33. g3
Qxf2+ 34. Qxf2 Bxf2+ 35. Kxf2 Kg7 36. Be2 Rd6 37. Ke1 Ra6 38. a3 Kf6 39. Nd2
Kg5 40. Nf3+ Kf6 41. Nd2 Kg5 42. Nf3+ Kf6 43. Nd2 1/2-1/2

[Event "Campeonato de Aragon por Equipos - Division de Honor"]
[Site ""]
[Date "2022.04.02"]
[Round "10.3"]
[White "Palacios Herrero, Pablo"]
[Black "Fontana Sotomayor, Luis Javier"]
[Result "1-0"]
[WhiteElo "2222"]
[BlackElo "2251"]
[PlyCount "0"]
[WhiteTeam "Palacio De Pioneros A"]
[BlackTeam "Jaime Casas"]
[EventDate "2022.01.29"]

1. e4 Nf6 2. e5 Nd5 3. d4 d6 4. c4 Nb6 5. exd6 exd6 6. Nc3 Be7 7. Be3 O-O 8.
Qf3 Nc6 9. O-O-O f5 10. Nh3 Be6 11. b3 Qc8 12. Nf4 Bf7 13. h4 a5 14. Bd3 a4 15.
g4 axb3 16. axb3 Qb8 17. Kb2 Nb4 18. Bxf5 g6 19. Qe4 Bf6 20. Be6 c5 21. Nxg6
Qe8 22. Nxf8 Qxf8 23. g5 Re8 24. gxf6 Rxe6 25. Rhg1+ Kh8 26. Qxb7 Bg6 27. h5
Nd3+ 28. Rxd3 Bxd3 29. Bh6 1-0

[Event "Campeonato de Aragon por Equipos - Division de Honor"]
[Site ""]
[Date "2022.04.02"]
[Round "10.4"]
[White "Maza Broto, Pablo"]
[Black "Lacruz Algarate, Alvaro"]
[Result "1/2-1/2"]
[WhiteElo "2026"]
[BlackElo "2097"]
[PlyCount "0"]
[WhiteTeam "Jaime Casas"]
[BlackTeam "Palacio De Pioneros A"]
[EventDate "2022.01.29"]

1. Nf3 e6 2. c4 Nf6 3. g3 b6 4. Bg2 Bb7 5. O-O c5 6. Nc3 Be7 7. d4 cxd4 8. Nb5
a6 9. Nbxd4 O-O 10. b3 Qc7 11. Bb2 Rd8 12. Rc1 d6 13. a3 Nbd7 14. b4 Rac8 15.
Qb3 Qb8 16. Rfd1 Qa8 17. h3 Ne4 18. Ne1 Bf6 19. Ndf3 d5 20. Bxf6 Ndxf6 21. cxd5
Bxd5 22. Qe3 Qb7 23. Nd4 h6 24. Ndf3 Ne8 25. Ne5 N8d6 26. Bxe4 Nxe4 27. Kh2 Nd6
28. Qf4 Nb5 29. f3 f6 30. Ng4 Nxa3 31. Rxc8 Qxc8 32. Nxf6+ gxf6 33. Qxf6 Rd7
34. Rd4 Rg7 35. e4 Qc3 36. exd5 Qxe1 37. Qxe6+ Qxe6 38. dxe6 Re7 39. Rd6 Nc4
40. Rc6 Ne5 41. Rxb6 Nxf3+ 42. Kg2 Nd4 43. Rxa6 Nxe6 44. Rb6 Kg7 45. h4 Nd4 46.
g4 Nc2 47. Kg3 Rc7 48. g5 hxg5 49. hxg5 Rc3+ 50. Kg4 Rc4+ 51. Kf5 Rxb4 52. Rxb4
1/2-1/2

[Event "Campeonato de Aragon por Equipos - Division de Honor"]
[Site ""]
[Date "2022.04.02"]
[Round "10.5"]
[White "Adla Martin, Diego"]
[Black "Van Ojik, Mark"]
[Result "1-0"]
[WhiteElo "2420"]
[BlackElo "2274"]
[PlyCount "0"]
[WhiteTeam "MyInvestor Casablanca"]
[BlackTeam "ONCE C. A. Aragon"]
[EventDate "2022.01.29"]

1. e4 e5 2. Nf3 Nc6 3. Bb5 a6 4. Ba4 Nf6 5. O-O Be7 6. Bxc6 dxc6 7. d3 Bg4 8.
h3 Bxf3 9. Qxf3 O-O 10. Nc3 Ne8 11. Qg3 f6 12. f4 Bd6 13. Kh1 Qe7 14. f5 Kh8
15. Ne2 Bc5 16. Qh4 Kg8 17. Rf3 g5 18. fxg6 hxg6 19. Qg4 Kf7 20. Bd2 Qe6 21.
Qh4 Ke7 22. b3 Kd7 23. Raf1 Rd8 24. Rg3 Rg8 25. Qh6 Bf8 26. Qe3 c5 27. Nc3 Kc8
28. Qf2 Rd7 29. Nd1 Rh7 30. a4 Be7 31. a5 Qc6 32. Rxg6 Rgh8 33. Ne3 Kb8 34. Nf5
Bd8 35. Rh6 Rxh6 36. Bxh6 Qb5 37. Bd2 Qd7 38. Qxc5 1-0

[Event "Campeonato de Aragon por Equipos - Division de Honor"]
[Site ""]
[Date "2022.04.02"]
[Round "10.7"]
[White "Vela Frago, Alberto"]
[Black "Laliena Solanes, Luis"]
[Result "1-0"]
[WhiteElo "2153"]
[BlackElo "2200"]
[PlyCount "0"]
[WhiteTeam "MyInvestor Casablanca"]
[BlackTeam "ONCE C. A. Aragon"]
[EventDate "2022.01.29"]

1. c4 e6 2. Nf3 d5 3. e3 Nf6 4. b3 c6 5. Bb2 Bd6 6. Be2 O-O 7. O-O Nbd7 8. d4
Ne4 9. Nbd2 f5 10. Ne5 Nxe5 11. dxe5 Bc5 12. Rc1 Qe7 13. Bd4 Ba3 14. Rc2 Bd7
15. f3 Nxd2 16. Qxd2 c5 17. Bc3 Bc6 18. cxd5 Bxd5 19. Bc4 Rfd8 20. Qe2 Bc6 21.
e4 g6 22. g4 f4 23. Rd1 Rxd1+ 24. Qxd1 b5 25. Bf1 Rd8 26. Rd2 Rxd2 27. Qxd2 g5
28. h4 h6 29. h5 Qd7 30. Qd6 Kf7 31. Kf2 Bc1 32. Bd3 Be3+ 33. Ke2 Kg7 34. Qb8
Bd4 35. Ba5 c4 36. bxc4 bxc4 37. Bxc4 Bc5 38. Bd8 Qd4 39. Bf6+ Kf7 40. Bxe6+
Kxe6 41. Qg8+ Kd7 42. e6+ 1-0

[Event "Campeonato de Aragon por Equipos - Division de Honor"]
[Site ""]
[Date "2022.04.02"]
[Round "10.8"]
[White "Cobo Garrido, Diego Israel"]
[Black "Sanjulian Arruga, Pablo"]
[Result "1-0"]
[WhiteElo "2076"]
[BlackElo "1888"]
[PlyCount "0"]
[WhiteTeam "ONCE C. A. Aragon"]
[BlackTeam "MyInvestor Casablanca"]
[EventDate "2022.01.29"]

1. e4 e5 2. Nf3 Nc6 3. Bb5 a6 4. Ba4 Nf6 5. d4 b5 6. Bb3 Nxe4 7. dxe5 Nc5 8.
Bd5 Be7 9. O-O Bb7 10. Nc3 O-O 11. Qe2 b4 12. Ne4 Nxe5 13. Bxb7 Nxf3+ 14. Qxf3
Nxb7 15. Ng3 d5 16. Nh5 Kh8 17. Rd1 c6 18. c4 Qe8 19. cxd5 cxd5 20. Qg4 g6 21.
Bh6 f6 22. Bg7+ Kg8 23. Bxf8 Qxf8 24. Nf4 Nc5 25. Nxd5 Kg7 26. Nxe7 Qxe7 27.
Qxb4 Ra7 28. Rac1 Rc7 29. Qb6 Kh6 30. b4 Ne6 31. Qe3+ Ng5 32. Rxc7 Qxc7 33. h4
1-0

[Event "Campeonato de Aragon por Equipos - Division de Honor"]
[Site ""]
[Date "2022.04.02"]
[Round "10.11"]
[White "Martinez Cebolla, Alberto"]
[Black "Cerrajeria Ruiz, Jesus Maria"]
[Result "0-1"]
[WhiteElo "2059"]
[BlackElo "2065"]
[PlyCount "0"]
[WhiteTeam "IberCaja"]
[BlackTeam "Helios"]
[EventDate "2022.01.29"]

1. e4 c5 2. Nf3 g6 3. c3 Nf6 4. e5 Nd5 5. d4 Bg7 6. dxc5 Nc7 7. b4 Nc6 8. Bf4
Ne6 9. Bg3 Qc7 10. Qd5 a5 11. b5 Ncd8 12. Be2 Qxc5 13. Qxc5 Nxc5 14. O-O Ne4
15. Bd3 Nxg3 16. hxg3 b6 17. Be4 Bb7 18. Nbd2 Bxe4 19. Nxe4 Ne6 20. Rac1 Rc8
21. c4 Nc5 22. Nxc5 Rxc5 23. Rfe1 e6 24. Red1 Ke7 25. Rd6 Rb8 26. Rcd1 Rb7 27.
R6d4 f6 28. exf6+ Bxf6 29. Re4 Rbc7 30. Nd2 d5 31. cxd5 Rxd5 32. Rde1 Rxd2 33.
Rxe6+ Kf7 34. Rxb6 Bd4 0-1

[Event "Campeonato de Aragon por Equipos - Division de Honor"]
[Site ""]
[Date "2022.04.02"]
[Round "10.12"]
[White "Lorente Melcon, Maximo"]
[Black "Torcal Miguel, Oscar"]
[Result "0-1"]
[WhiteElo "1858"]
[BlackElo "2037"]
[PlyCount "0"]
[WhiteTeam "Helios"]
[BlackTeam "IberCaja"]
[EventDate "2022.01.29"]

1. e4 c5 2. Nc3 Nc6 3. Bb5 g6 4. Bxc6 dxc6 5. f4 Bg7 6. Nf3 Bg4 7. O-O e6 8.
Qe1 Bxf3 9. Rxf3 Ne7 10. d3 f5 11. Be3 b6 12. Qh4 Ng8 13. Qxd8+ Rxd8 14. e5 Ne7
15. Rd1 Kf7 16. d4 cxd4 17. Rxd4 Rxd4 18. Bxd4 Rd8 19. Rd3 g5 20. g3 gxf4 21.
gxf4 Bh6 22. Be3 Rxd3 23. cxd3 Ng6 24. Ne2 Nxe5 25. Bxb6 Nxd3 26. Bxa7 Nxb2 27.
Kf2 Ke7 28. Bd4 Na4 29. Be5 c5 30. Ke3 Kd7 31. Kd3 Kc6 32. Kc4 Bf8 33. h3 Nb6+
34. Kd3 Kb5 35. Bc7 Nd5 36. Nc3+ Kb4 37. Be5 c4+ 38. Kc2 Bc5 39. h4 h5 40. Ne2
Bf2 41. Bd6+ Kb5 42. Be5 Kc5 43. Kd2 Kc6 44. Nd4+ Bxd4 45. Bxd4 Nxf4 46. a4 Nd5
47. Bf2 e5 48. Kc2 f4 49. Be1 e4 50. Kd2 Kc5 51. Ke2 c3 52. Kd1 Kc4 53. Kc2
Nb4+ 54. Kb1 Kb3 0-1

[Event "Campeonato de Aragon por Equipos - Division de Honor"]
[Site ""]
[Date "2022.04.02"]
[Round "10.13"]
[White "Aranaz Murillo, Amalia"]
[Black "Sanchez Herrera, Miguel"]
[Result "1-0"]
[WhiteElo "2233"]
[BlackElo "2074"]
[PlyCount "0"]
[WhiteTeam "Palacio De Pioneros B"]
[BlackTeam "Agrupacion"]
[EventDate "2022.01.29"]

1. Nf3 c5 2. c4 g6 3. g3 Bg7 4. Bg2 e5 5. Nc3 Ne7 6. O-O O-O 7. a3 Nbc6 8. Ne1
d6 9. Nc2 Be6 10. Ne3 Rb8 11. b4 a6 12. bxc5 dxc5 13. Rb1 f5 14. d3 Qd7 15. Na4
Qd6 16. Nb6 f4 17. Ned5 g5 18. e3 Ng6 19. Be4 Bh3 20. Qh5 Bxf1 21. Kxf1 fxg3
22. hxg3 Rf7 23. Ke2 Rbf8 24. f3 Qe6 25. Bd2 g4 26. Rh1 gxf3+ 27. Kf2 Bh8 28.
Na4 Rg7 29. Nxc5 Qd6 30. Nxb7 Rxb7 31. Nb4 Rff7 32. Bxc6 Rxb4 33. Bd5 Qxd5 34.
cxd5 Rb2 35. Rd1 e4 36. d4 Ne7 37. d6 Nf5 38. d7 Rb8 39. Qg5+ 1-0

[Event "Campeonato de Aragon por Equipos - Division de Honor"]
[Site ""]
[Date "2022.04.02"]
[Round "10.14"]
[White "Barros Gutierrez, Angel Luis"]
[Black "Sacristan Latorre, Alberto"]
[Result "0-1"]
[WhiteElo "2043"]
[BlackElo "2107"]
[PlyCount "0"]
[WhiteTeam "Agrupacion"]
[BlackTeam "Palacio De Pioneros B"]
[EventDate "2022.01.29"]

1. d4 Nf6 2. c4 Nc6 3. Nc3 e5 4. dxe5 Nxe5 5. Bf4 Ng6 6. Bg3 Bb4 7. Qb3 a5 8.
f3 O-O 9. h4 d5 10. cxd5 Qxd5 11. h5 Ne7 12. e4 Nxe4 13. fxe4 Qxe4+ 14. Nge2
Be6 15. Qd1 Nf5 16. Bf2 Bc4 17. Qd2 Bxc3 18. bxc3 Rad8 19. Qf4 Qc2 20. Bc5 Bxe2
21. Bxf8 Qxc3+ 22. Kf2 Qxa1 23. Bc5 Bxf1 24. Qxf5 Qxa2+ 0-1